LEADER 01358nam--2200397---450- 001 990002320870203316 005 20101102132550.0 035 $a000232087 035 $aUSA01000232087 035 $a(ALEPH)000232087USA01 035 $a000232087 100 $a20041230d1967----km-y0itay0103----ba 101 0 $ager 102 $aDE 105 $a||||||||001yy 200 1 $aVolkerrecht und deutsches Recht$etheoretische und dogmatische Untersuchungen uber die Anwendung volkerrechtlicher Normen in der Bundesrepublik Deutschland$fvon Walter Rudolf 210 $aTubingen$cMohr$d1967 215 $aXX, 323 p.$d23 cm 225 2 $aTubinger rechtswissenschaftliche Abhandlungen$v19 410 0$12001$aTubinger rechtswissenschaftliche Abhandlungen$v19 454 1$12001 461 1$1001-------$12001 606 0 $aDiritto$yGermania occidentale 606 0 $aDiritto internazionale$yGermania occidentale 676 $a340 700 1$aRUDOLF,$bWalter$0405272 801 0$aIT$bsalbc$gISBD 912 $a990002320870203316 951 $aXXIII.1.C. 87 (Coll HAV 19)$b13709 E.C.$cColl HAV$d00287483 959 $aBK 969 $aGIU 979 $aSIAV5$b10$c20041230$lUSA01$h1416 979 $aRSIAV2$b90$c20100823$lUSA01$h1121 979 $aPATRY$b90$c20101102$lUSA01$h1325 996 $aVolkerrecht und deutsches Recht$91069246 997 $aUNISA LEADER 01122nam--2200349---450- 001 990002313640203316 005 20090826114628.0 035 $a000231364 035 $aUSA01000231364 035 $a(ALEPH)000231364USA01 035 $a000231364 100 $a20041229d1969----km-y0itay0103----ba 101 0 $afre 102 $aBE 105 $a||||||||001yy 200 1 $aIntegrisme et catholicisme integral$eun reseau secret international antimoderniste : La Sapiniere, 1909-1921$fpar Emile Poulat 210 $aTournai$cCasterman$d1969 215 $a626 p.$d20 cm 225 2 $aReligion et societes 410 0$12001$aReligion et societes 606 $a"Sapiniere"$yBelgio$zSec. 20.$xControversie dottrinali 676 $a273.9 700 1$aPOULAT,$bEmile$0436044 801 0$aIT$bsalbc$gISBD 912 $a990002313640203316 951 $aXXIV.4.F 5 (IG VI 76)$227340 G.$cXXIV.4.F 5 (IG VI)$d00242469 959 $aBK 969 $aGIU 979 $aSIAV3$b10$c20041229$lUSA01$h0932 979 $aRSIAV1$b90$c20090826$lUSA01$h1146 996 $aIntégrisme et catholicisme intégral$9221972 997 $aUNISA